000
00300nam a2200121Ia 4500
008
190216s9999||||xx |||||||||||||| ||und||
100
_a
Goel & Gupta
245
0
_a
Surface Chemistry
260
_b
"Discovery Publishing House, Delhi"
300
_a
307
650
_a
Chemistry-Chemistry
942
_c
BK
999
_c
3387
_d
3387